000 00814nam a22002297a 4500
999 _c3126
_d3126
003 AR-CdUCM
008 190306b ||||| |||| 00| 0 spa d
040 _aMUNICIPALIDAD PROVINCIAL DEL CUSCO
_cBIBLIOTECA MUNICIPAL DEL CUSCO
082 _a932 /
_bM99
100 _aMuñoz, Orencio
_910546
245 _aEgipto Antiguo /
260 _aMéxico D. F. :
_bUTEHA,
_c1961.
300 _a125, XXVII páginas ;
_bLaminas, mapas,
_c17 cm.
440 _aManuales UTEHA.
_n61-61a
_910547
440 _aHistoria.
_nsección 10
_910548
505 _aContenido: Prehistoria -- Protohistoria -- Imperio antiguo -- Primer período intermedio -- Imperio medio -- Segundo período intermedio ...
650 _aHistoria
_9136
650 _aEgipto
_9804
650 _aValle del Nilo
_910549
942 _2ddc
_cLIBROS
945 _aachl